000 00895nam a2200265 i 4500
003 DO-SdBNP
005 20250807102838.0
007 ta
008 240628b2024 dr ac||| |||| 00| 0 spa d
020 _a9789945894493
040 _aDO-SdBNP
_bspa
_cBNPHU
_erda
041 _aspa
082 4 _axxx
_bxxx
_222
100 1 _aDomínguez Rodríguez, Mauricia,
_eautor
_4sut.
_985883
245 1 0 _aOrtíz y Auñón :
_bdel exilio al reencuentro /
_cMauricia Domínguez Rodríguez ; corrección, Miguel D. Mena
264 1 _aSanto Domingo :
_bCentro Cultural de España,
_c2024.
300 _a130 páginas :
_bilustraciones y retratos ;
_c23 cm.
336 _atexto
_btxt
_2rdacontent
337 _asin mediación
_bn
_2rdamedia
338 _avolumen
_bnc
_2rdacarrier
590 _aInventariado, 2024/BT
700 _aMena, Miguel D.,
_ecorrector
_4corr.
_929501
910 _aBtavárez
942 _2ddc
_cLBS1
999 _c57066
_d57066